<?xml version="1.0" encoding="UTF-8"?>
<record
    xmlns:xsi="http://www.w3.org/2001/XMLSchema-instance"
    xsi:schemaLocation="http://www.loc.gov/MARC21/slim http://www.loc.gov/standards/marcxml/schema/MARC21slim.xsd"
    xmlns="http://www.loc.gov/MARC21/slim">

  <leader>00753nam a22002177i 4500</leader>
  <controlfield tag="001">IT\ICCU\RAV\0134032</controlfield>
  <controlfield tag="003">ItRI</controlfield>
  <controlfield tag="005">20260115232257.0</controlfield>
  <controlfield tag="008">910318s1980    it ||||||    ||||| |||||c</controlfield>
  <datafield tag="015" ind1=" " ind2=" ">
    <subfield code="2">IT</subfield>
    <subfield code="a">8011371</subfield>
  </datafield>
  <datafield tag="040" ind1=" " ind2=" ">
    <subfield code="b">ita</subfield>
    <subfield code="c">importazione bologna sebina</subfield>
  </datafield>
  <datafield tag="041" ind1=" " ind2="7">
    <subfield code="a">ita</subfield>
    <subfield code="2">ISO-639-2</subfield>
  </datafield>
  <datafield tag="082" ind1=" " ind2=" ">
    <subfield code="a">791.43</subfield>
    <subfield code="9">CINEMATOGRAFO</subfield>
    <subfield code="2">18</subfield>
  </datafield>
  <datafield tag="100" ind1="1" ind2=" ">
    <subfield code="a">Rondi, Gian Luigi</subfield>
    <subfield code="0">IT\ICCU\CFIV\113141</subfield>
    <subfield code="4">aut</subfield>
  </datafield>
  <datafield tag="245" ind1="1" ind2="3">
    <subfield code="a">Il cinema dei maestri :</subfield>
    <subfield code="b">58 grandi registi e un'attrice si raccontano /</subfield>
    <subfield code="c">Gian Luigi Rondi.</subfield>
  </datafield>
  <datafield tag="260" ind1=" " ind2=" ">
    <subfield code="a">Milano :</subfield>
    <subfield code="b">Rusconi,</subfield>
    <subfield code="c">1980</subfield>
  </datafield>
  <datafield tag="300" ind1=" " ind2=" ">
    <subfield code="a">455 p., [12] c. di tav. :</subfield>
    <subfield code="b">ill. ;</subfield>
    <subfield code="c">22 cm</subfield>
  </datafield>
  <datafield tag="650" ind1=" " ind2="7">
    <subfield code="a">Registi cinematografici</subfield>
    <subfield code="x">Interviste</subfield>
  </datafield>
  <datafield tag="790" ind1="1" ind2=" ">
    <subfield code="a">Rondi, Gianluigi</subfield>
    <subfield code="3">IT\ICCU\SBNV\004219</subfield>
    <subfield code="z">Rondi, Gian Luigi</subfield>
  </datafield>
  <datafield tag="942" ind1=" " ind2=" ">
    <subfield code="2">ddc</subfield>
    <subfield code="c">BK</subfield>
    <subfield code="n">0</subfield>
  </datafield>
  <datafield tag="999" ind1=" " ind2=" ">
    <subfield code="c">19972</subfield>
    <subfield code="d">19972</subfield>
  </datafield>
  <datafield tag="952" ind1=" " ind2=" ">
    <subfield code="0">0</subfield>
    <subfield code="1">0</subfield>
    <subfield code="4">0</subfield>
    <subfield code="7">0</subfield>
    <subfield code="a">BO</subfield>
    <subfield code="b">BO</subfield>
    <subfield code="d">2026-01-15</subfield>
    <subfield code="i">4563</subfield>
    <subfield code="l">0</subfield>
    <subfield code="o">DOC 791.430 RON</subfield>
    <subfield code="p">BO4563</subfield>
    <subfield code="r">2026-01-15 23:22:57</subfield>
    <subfield code="w">2026-01-15</subfield>
    <subfield code="y">BK</subfield>
    <subfield code="z">1 v.</subfield>
  </datafield>
</record>
